Mythologie grecque - Dieux et déesses - Statistiques

Statistiques générales
  • Ce quiz a été pris 10 694 fois
    6 261 depuis la dernière actualisation
  • Le résultat moyen est 15 sur 25
Statistiques - réponses
Facultés Réponse % Correct
Roi des dieux Zeus
100%
Dieu de la mer Poséidon
97%
Dieu du monde souterrain Hadès
92%
Déesse de l'amour Aphrodite
91%
Déesse de la sagesse Athéna
88%
Dieu de la guerre Arès
86%
Messager des dieux Hermès
84%
Déesse du mariage Héra
82%
Dieu du vin Dionysos
80%
Déesse de la chasse Artémis
79%
Dieu de la forge Héphaistos
79%
Dieu de la musique Apollon
77%
Déesse des moissons Démeter
67%
Déesse du printemps Persephone
62%
Dieu l'amour Eros
58%
Déesse du foyer Hestia
51%
Déesse de la nuit Nyx
41%
Déesse de la victoire Niké
39%
Dieux des vents Eole
38%
Dieu du sommeil Hypnos
34%
Dieu de la mort Thanatos
34%
Déesse de la vengeance Némesis
23%
Dieu de la terreur Déimos
8%
Déesse de la chance Tyché
6%
Déesse de la concorde et de l'harmonie Homonoia
2%
Aucun quiz correspondant
Distribution des résultats
% des personnes avec chaque résultat
Percentile par nombre de réponses
Votre historique - résultats
Vous n’avez pas pris ce quiz depuis la dernière actualisation